000 00987nam a22002650a 4500
001 PT18578
003 AR-LpoUNG
005 20210131232828.0
008 191001s1999||||ag |||||||||||||||||spa d
020 _a9504903851
_c$37.00
040 _aAR-LpoUNG
_bspa
_cAR-LpoUNG
_eaacr
041 _aspa
044 _aag
082 0 _aA863 136ley
100 1 _aNedich, Jorge Emilio
245 1 0 _aLeyenda gitana
250 _a1§ edición
260 _aBuenos Aires :
_bPlaneta,
_c1999.
300 _a252 p. :
_btbls., gráfs.
520 _aUn lector intruso irá en la carabana enterándose de todo. Cómo hacen las gitanas para leer la suerte; cómo se llevan a cabo los matrimonios entre niños; qué creencias dominan los encuentros sexuales; los hábitos de aseo y de alimentación; qué tiene de particular su concepción de los negocios; de lo que debe ser una familia y de la libertad.
653 _aLITERATURA ARGENTINA
653 _aMAES
905 _a18578
942 _cLIB
999 _c17693
_d17693